[Event "XVI Festival A"]
[Site "Porto San Giorgio ITA"]
[Date "2004.08.29"]
[Round "9"]
[White "Tomescu, Vlad"]
[Black "Sabia, Corrado"]
[Result "0-1"]
[WhiteElo "2397"]
[BlackElo "2150"]
[PlyCount "60"]
[EventDate "2004.08.21"]

1. e4 c5 2. Nf3 e6 3. d4 cxd4 4. Nxd4 Nf6 5. Nc3 d6 6. Bc4 a6 7. Bb3 b5 8. a3
Bb7 9. f3 Be7 10. Be3 O-O 11. Qd2 Nbd7 12. g4 Ne5 13. O-O-O Nc4 14. Bxc4 bxc4
15. g5 Nd7 16. Rdg1 Rb8 17. h4 Ba8 18. g6 Qb6 19. h5 Qxb2+ 20. Kd1 Bf6 21. Ke2
Qb7 22. Bg5 Qb6 23. Bxf6 Nxf6 24. gxf7+ Rxf7 25. Rb1 Qa7 26. Nxe6 Re8 27. Ng5
Nxe4 28. Ncxe4 Bxe4 29. Kf1 Bxf3 30. Nxf7 Bxh1 0-1

[Event "XVI Festival A"]
[Site "Porto San Giorgio ITA"]
[Date "2004.08.29"]
[Round "9"]
[White "Trent, Lawrence"]
[Black "Chiaretti, Roberto"]
[Result "1-0"]
[WhiteElo "2400"]
[BlackElo "2207"]
[PlyCount "131"]
[EventDate "2004.08.21"]

1. Na3 d5 2. f4 g6 3. c4 c6 4. Nf3 Bg7 5. g3 Nf6 6. Bg2 O-O 7. O-O Nbd7 8. e3
Nc5 9. Ne5 Be6 10. b3 dxc4 11. bxc4 Nd3 12. Nxd3 Qxd3 13. Rb1 Rab8 14. Rb3 Qd7
15. Bb2 b5 16. Be5 Rbd8 17. Rb2 bxc4 18. Qa4 Qd3 19. Bxc6 Ng4 20. Bxg7 Kxg7 21.
Re1 c3 22. dxc3 Qxc3 23. Rbe2 Bxa2 24. Bf3 Bb3 25. Qxa7 Bd1 26. Nb5 Qb4 27.
Bxg4 Bxe2 28. Qa1+ Kg8 29. Bxe2 Rd2 30. Qc3 Qxc3 31. Nxc3 Rb8 32. Kf2 Rc2 33.
Ne4 h6 34. Kf3 Kg7 35. h4 Rd8 36. h5 f5 37. Nf2 g5 38. fxg5 hxg5 39. g4 e6 40.
Bf1 Rc3 41. Rd1 Rxd1 42. Nxd1 Ra3 43. Nf2 Kf6 44. Bd3 Ke5 45. Be2 Kf6 46. Nd3
Ra4 47. Kf2 fxg4 48. Kg3 Re4 49. Nc5 Rxe3+ 50. Kf2 Ra3 51. Bxg4 Ke5 52. Bf3 Kf5
53. Be4+ Kf4 54. h6 Ra2+ 55. Kg1 Kg3 56. Kf1 Rh2 57. h7 Kf4 58. Bd3 e5 59. Ne6+
Ke3 60. Bf5 g4 61. Kg1 g3 62. Ng5 Rh5 63. Nf7 Rxf5 64. h8=Q Rxf7 65. Qxe5+ Kd2
66. Qd5+ 1-0

[Event "XVI Festival A"]
[Site "Porto San Giorgio ITA"]
[Date "2004.08.29"]
[Round "9"]
[White "Ventura, Sergio"]
[Black "Garofalo, Sergio"]
[Result "1-0"]
[WhiteElo "2175"]
[BlackElo "1993"]
[PlyCount "85"]
[EventDate "2004.08.21"]

1. c4 Nf6 2. Nc3 c6 3. e4 e5 4. g3 Na6 5. Bg2 Nc5 6. d3 Ne6 7. Nge2 g5 8. a3 h6
9. b4 Bg7 10. Qb3 d6 11. Bb2 Qe7 12. Nd1 a5 13. Ne3 a4 14. Qd1 Nd4 15. Nxd4
exd4 16. Bxd4 Nh5 17. Bxg7 Nxg7 18. O-O O-O 19. Rb1 Be6 20. b5 Bd7 21. Rb4 cxb5
22. Nd5 Qd8 23. cxb5 Ne6 24. Bh3 Nc7 25. Nxc7 Bxh3 26. Nxa8 Bxf1 27. Qxf1 Qxa8
28. Qh3 Qc8 29. Qxc8 Rxc8 30. Rxa4 Rc5 31. Rd4 Rxb5 32. Rxd6 Ra5 33. Rxh6 Rxa3
34. Rd6 b5 35. Rd5 f6 36. Kg2 Kf7 37. Kf3 b4 38. Ke3 g4 39. Rb5 Rb3 40. Rb6 Rb2
41. d4 Rb1 42. d5 Ke7 43. Kf4 1-0

[Event "XVI Festival A"]
[Site "Porto San Giorgio ITA"]
[Date "2004.08.29"]
[Round "9"]
[White "Voiska, Margarita"]
[Black "Giacometti, Carlo"]
[Result "1-0"]
[WhiteElo "2387"]
[BlackElo "2047"]
[PlyCount "73"]
[EventDate "2004.08.21"]

1. c4 e6 2. Nc3 d5 3. e3 Nf6 4. Nf3 Be7 5. b3 O-O 6. Bb2 b6 7. d4 Bb7 8. Bd3
Nbd7 9. cxd5 exd5 10. Qc2 c5 11. O-O Rc8 12. Rac1 Bd6 13. Bf5 g6 14. dxc5 bxc5
15. Nb5 Rc6 16. Bxd7 Nxd7 17. Qc3 f6 18. Nxd6 Rxd6 19. Ba3 Ra6 20. Bxc5 Nxc5
21. Qxc5 Rxa2 22. Nd4 Qd7 23. Ra1 Rxa1 24. Rxa1 a6 25. Qb6 Kf7 26. Rc1 Rc8 27.
Rxc8 Qxc8 28. h3 Qd7 29. b4 h5 30. Nb3 Bc8 31. Nc5 Qf5 32. Qc7+ Kg8 33. f3 Qb1+
34. Kh2 Bf5 35. e4 dxe4 36. fxe4 Bxh3 37. Kxh3 1-0

[Event "XXXI C.to Italiano femminile"]
[Site "Bratto - Castione della Presolana ITA"]
[Date "2004.08.20"]
[Round "1"]
[White "Bianchini, Aurora"]
[Black "Brunello, Marina"]
[Result "1-0"]
[WhiteElo "1775"]
[BlackElo "1571"]
[PlyCount "73"]
[EventDate "2004.08.20"]

1. d4 d5 2. c4 e6 3. Nc3 Nf6 4. Bg5 Nbd7 5. e3 Be7 6. Nf3 O-O 7. Bd3 dxc4 8.
Bxc4 c5 9. O-O a6 10. a4 cxd4 11. Nxd4 Nc5 12. Qc2 Nfd7 13. Bxe7 Qxe7 14. Nf3
b6 15. Be2 Bb7 16. b4 Ne4 17. Nxe4 Rac8 18. Qb1 Bd5 19. Bxa6 Rc6 20. Bb5 Rc7
21. Bxd7 Qxd7 22. Nfg5 f5 23. Ng3 Qe7 24. Nf3 Rc4 25. Ne5 Rxb4 26. Qe1 Qd6 27.
f4 Ra8 28. Qc3 Rb3 29. Qc1 Qb4 30. Rf2 Qa5 31. Rc2 Qa6 32. Rc7 Rd8 33. Nh5 Qe2
34. Rxg7+ Kf8 35. Nd7+ Rxd7 36. Qc8+ Rd8 37. Qxd8# 1-0

[Event "XXXI C.to Italiano femminile"]
[Site "Bratto - Castione della Presolana ITA"]
[Date "2004.08.20"]
[Round "1"]
[White "Brunello, Roberta"]
[Black "Negri, Ornella Cecilia"]
[Result "1-0"]
[WhiteElo "1790"]
[BlackElo "1600"]
[PlyCount "89"]
[EventDate "2004.08.20"]

1. e4 d5 2. exd5 Qxd5 3. Nc3 Qd6 4. Nf3 Nf6 5. Bc4 e6 6. d4 a6 7. O-O Be7 8.
Ne2 b5 9. Bb3 O-O 10. Ng3 Bb7 11. Ne5 c5 12. c3 c4 13. Bc2 Qd5 14. f3 Nc6 15.
Nxc6 Bxc6 16. Bf4 Rfe8 17. Ne4 Nh5 18. Be3 Bd8 19. Qe1 Nf6 20. Qg3 Nh5 21. Qh3
g6 22. Rae1 Bd7 23. Nc5 Bc6 24. Bh6 Bg5 25. Be4 Nf4 26. Qg3 Nh5 27. Qxg5 Qxg5
28. Bxg5 Bxe4 29. fxe4 f6 30. Bxf6 Nxf6 31. Rxf6 e5 32. dxe5 Rxe5 33. Nxa6 Kg7
34. Rd6 Kf7 35. Nb4 h6 36. Rd5 Kf6 37. Kf2 g5 38. Ke3 Rxd5 39. Nxd5+ Ke5 40. a3
Rd8 41. Rf1 Rh8 42. Rf5+ Kd6 43. Rf6+ Kc5 44. Nc7 g4 45. Na6# 1-0

[Event "XXXI C.to Italiano femminile"]
[Site "Bratto - Castione della Presolana ITA"]
[Date "2004.08.20"]
[Round "1"]
[White "Cassinera, Chiara"]
[Black "Clappa, Ilaria"]
[Result "1/2-1/2"]
[WhiteElo "1619"]
[BlackElo "1850"]
[PlyCount "69"]
[EventDate "2004.08.20"]

1. d4 d5 2. Nf3 Nf6 3. c4 c6 4. e3 Bf5 5. Nc3 e6 6. a3 dxc4 7. Bxc4 Nbd7 8. O-O
Bd6 9. Re1 Ne4 10. Nxe4 Bxe4 11. b4 O-O 12. Bd3 Bxd3 13. Qxd3 Qe7 14. Bd2 e5
15. dxe5 Nxe5 16. Nxe5 Bxe5 17. Rad1 Rad8 18. Qc2 Qh4 19. g3 Qf6 20. Bc1 Qf3
21. Rxd8 Rxd8 22. Bb2 Bxb2 23. Qxb2 Qd5 24. Qc2 f6 25. h4 Qd3 26. Qxd3 Rxd3 27.
Ra1 Kf7 28. Kf1 Ke6 29. Ke2 Rd6 30. Rc1 Ke5 31. f3 f5 32. Rc4 h6 33. f4+ Ke6
34. Rc5 Rd5 35. Rc4 1/2-1/2

[Event "XXXI C.to Italiano femminile"]
[Site "Bratto - Castione della Presolana ITA"]
[Date "2004.08.20"]
[Round "1"]
[White "Costariol, Elena"]
[Black "Castellano, Fulvia"]
[Result "0-1"]
[WhiteElo "1554"]
[BlackElo "1772"]
[PlyCount "120"]
[EventDate "2004.08.20"]

1. e4 e6 2. d4 d5 3. Nc3 Bb4 4. e5 c5 5. a3 Ba5 6. b4 cxd4 7. Nb5 Bc7 8. f4 Nc6
9. Nf3 a5 10. Nxc7+ Qxc7 11. b5 Nce7 12. Nxd4 Qc3+ 13. Bd2 Qxd4 14. Bd3 Nh6 15.
Rb1 Nhf5 16. Qe2 h5 17. c3 Qc5 18. a4 h4 19. c4 dxc4 20. Bxc4 Nd5 21. Bd3 Nc3
22. Rc1 Nxe2 23. Rxc5 Ned4 24. Rc4 h3 25. g4 Nf3+ 26. Ke2 Nxd2 27. Kxd2 Ne7 28.
Rhc1 O-O 29. Bf1 Rd8+ 30. Ke3 Nd5+ 31. Kf3 b6 32. Bxh3 Bb7 33. Kf2 Rac8 34. f5
Rxc4 35. Rxc4 Rc8 36. Rd4 Rc2+ 37. Kg1 Nc3 38. Rd8+ Kh7 39. Rd7 Rc1+ 40. Kf2
Ne4+ 41. Ke2 Bd5 42. Rxf7 Ng5 43. Re7 Nxh3 44. f6 Kg8 45. Re8+ Kf7 46. Re7+ Kf8
47. Rxg7 Rc4 48. g5 Rxa4 49. g6 Nf4+ 50. Kf2 Nd3+ 51. Kg3 Nxe5 52. h4 Rg4+ 53.
Kf2 Rxg6 54. Rh7 Rxf6+ 55. Ke1 Bc4 56. Rb7 Nf3+ 57. Kd1 e5 58. h5 Bxb5 59. Rb8+
Kg7 60. Rb7+ Kh6 0-1

[Event "XXXI C.to Italiano femminile"]
[Site "Bratto - Castione della Presolana ITA"]
[Date "2004.08.20"]
[Round "1"]
[White "De Rosa, Mariagrazia"]
[Black "Borsato, Chiara"]
[Result "1-0"]
[WhiteElo "2124"]
[BlackElo "1658"]
[PlyCount "51"]
[EventDate "2004.08.20"]

1. e4 g6 2. d4 Bg7 3. Nc3 d6 4. Be3 Nf6 5. Qd2 Nbd7 6. Nf3 O-O 7. Bh6 b6 8. h4
Bb7 9. Bd3 e5 10. d5 Nc5 11. O-O-O Ng4 12. Bxg7 Kxg7 13. h5 Qf6 14. Kb1 Qf4 15.
Qe2 Nxd3 16. cxd3 a6 17. Rdf1 f5 18. g3 Qh6 19. hxg6 Qxg6 20. Nh4 Qg5 21. f4
Qf6 22. Nxf5+ Kh8 23. Qxg4 Bc8 24. Rxh7+ Kxh7 25. Rh1+ Qh6 26. Qg7# 1-0

[Event "XXXI C.to Italiano femminile"]
[Site "Bratto - Castione della Presolana ITA"]
[Date "2004.08.20"]
[Round "1"]
[White "Di Blasi, Erica"]
[Black "Banki, Brigitta"]
[Result "1-0"]
[WhiteElo "1580"]
[BlackElo "1789"]
[PlyCount "86"]
[EventDate "2004.08.20"]

1. e4 e5 2. Nf3 Nc6 3. Bc4 d6 4. Nc3 Nf6 5. Ng5 d5 6. exd5 Na5 7. d3 Bb4 8. Bd2
O-O 9. Nce4 Bxd2+ 10. Qxd2 Nxc4 11. dxc4 h6 12. Nxf6+ Qxf6 13. Ne4 Qg6 14. f3
Bf5 15. Qe2 Bxe4 16. fxe4 f5 17. exf5 Rxf5 18. O-O-O Raf8 19. Rhf1 Qg5+ 20. Kb1
Rxf1 21. Rxf1 Rxf1+ 22. Qxf1 Qe3 23. a3 Qe4 24. Kc1 Qg4 25. b3 Qd4 26. Kb1 e4
27. Qf4 Qg1+ 28. Kb2 Qxg2 29. Qxc7 Qg5 30. Qg3 Qxg3 31. hxg3 e3 32. Kc3 h5 33.
Kd3 e2 34. Kxe2 Kf7 35. Ke3 g5 36. Ke4 Kf6 37. a4 Ke7 38. Kf5 h4 39. gxh4 gxh4
40. Kg4 h3 41. Kxh3 Kd6 42. Kg4 a6 43. Kf4 b6 1-0

[Event "XXXI C.to Italiano femminile"]
[Site "Bratto - Castione della Presolana ITA"]
[Date "2004.08.20"]
[Round "1"]
[White "Francalancia, Mariachiara"]
[Black "Lomakina, Nadya"]
[Result "0-1"]
[WhiteElo "1528"]
[BlackElo "1751"]
[PlyCount "90"]
[EventDate "2004.08.20"]

1. d4 d5 2. c4 c6 3. Nc3 Nf6 4. Bf4 Bf5 5. e3 e6 6. Nf3 Bd6 7. Bxd6 Qxd6 8. Be2
O-O 9. O-O Nbd7 10. cxd5 cxd5 11. Rc1 Rfc8 12. h3 Ne4 13. Nxe4 Bxe4 14. Ng5 Bg6
15. Qb3 Qb6 16. Qxb6 Nxb6 17. Rfd1 Na4 18. Rxc8+ Rxc8 19. Nf3 Nxb2 20. Re1 f6
21. Nd2 Rc2 22. Nb3 Bd3 23. Bxd3 Nxd3 24. Ra1 b6 25. f3 Re2 26. Nc1 Re1+ 27.
Kh2 Rxc1 28. Rxc1 Nxc1 29. a3 a5 30. g4 a4 31. h4 b5 32. g5 Nd3 33. f4 b4 34.
axb4 Nxb4 35. h5 a3 36. g6 hxg6 37. hxg6 a2 38. Kg3 a1=Q 39. Kf2 Qb2+ 40. Kf3
Nd3 41. f5 Qf2+ 42. Kg4 exf5+ 43. Kh3 Ne1 44. e4 Qg2+ 45. Kh4 Qg4# 0-1

[Event "XXXI C.to Italiano femminile"]
[Site "Bratto - Castione della Presolana ITA"]
[Date "2004.08.20"]
[Round "1"]
[White "Goi, Veronika"]
[Black "Scharrer, Isabel"]
[Result "1-0"]
[WhiteElo "1823"]
[BlackElo "1613"]
[PlyCount "57"]
[EventDate "2004.08.20"]

1. d4 Nf6 2. c4 g6 3. Nc3 Bg7 4. e4 d6 5. Be2 O-O 6. Be3 Nbd7 7. h3 Ne8 8. Qd2
f6 9. Nf3 e5 10. g4 f5 11. gxf5 gxf5 12. Bg5 Bf6 13. Bh6 Ng7 14. Rg1 Nb6 15.
O-O-O Rf7 16. dxe5 Be7 17. c5 fxe4 18. cxb6 exf3 19. Bc4 Bf8 20. Bxf7+ Kxf7 21.
bxc7 Qxc7 22. exd6 Qd7 23. Qd5+ Qe6 24. d7 Qxd5 25. Rxd5 Ne6 26. Bxf8 Kxf8 27.
d8=Q+ Nxd8 28. Rxd8+ Ke7 29. Rgg8 1-0

[Event "XXXI C.to Italiano femminile"]
[Site "Bratto - Castione della Presolana ITA"]
[Date "2004.08.20"]
[Round "1"]
[White "Matta, Francesca"]
[Black "Reginato, Sabrina"]
[Result "1-0"]
[WhiteElo "1772"]
[BlackElo "1553"]
[PlyCount "91"]
[EventDate "2004.08.20"]

1. d4 Nf6 2. c4 g6 3. Nc3 Bg7 4. Nf3 d6 5. e4 O-O 6. Be2 Nbd7 7. O-O c5 8. d5
a6 9. Bg5 Qc7 10. Qd2 Nb6 11. h3 Bd7 12. Bh6 Rac8 13. Nh2 Rfd8 14. Bxg7 Kxg7
15. f4 e6 16. Nf3 exd5 17. exd5 Nh5 18. Bd3 Ng3 19. Rf2 Bf5 20. Nh4 Bxd3 21.
Qxd3 Nh5 22. g4 Nf6 23. Nf3 Rf8 24. f5 Rce8 25. Raf1 Qd8 26. fxg6 fxg6 27. Ng5
Qd7 28. Ne6+ Rxe6 29. dxe6 Qxe6 30. b3 Nbd7 31. Rd1 Ne5 32. Qxd6 Qxd6 33. Rxd6
Rf7 34. Rb6 Nc6 35. g5 Ne8 36. Rxf7+ Kxf7 37. Rxb7+ Kg8 38. Ne4 Ne5 39. Rb6 Kg7
40. Rxa6 Nd3 41. Ra5 Nf4 42. Kh2 Ne6 43. Kg3 h6 44. gxh6+ Kxh6 45. Nxc5 Nxc5
46. Rxc5 1-0

[Event "XXXI C.to Italiano femminile"]
[Site "Bratto - Castione della Presolana ITA"]
[Date "2004.08.20"]
[Round "1"]
[White "Messina, Roberta"]
[Black "Mosca, Giulia"]
[Result "1/2-1/2"]
[WhiteElo "1673"]
[BlackElo "1527"]
[PlyCount "75"]
[EventDate "2004.08.20"]

1. e4 c6 2. d4 d5 3. Nc3 dxe4 4. Nxe4 Nd7 5. Nf3 Ngf6 6. Ng3 e6 7. Bd3 c5 8.
dxc5 Bxc5 9. O-O O-O 10. Qe2 Qc7 11. Ne4 b6 12. Bg5 Be7 13. Nxf6+ Nxf6 14. Bxf6
Bxf6 15. Qe4 g6 16. Qxa8 Bb7 17. Qxa7 Ra8 18. Qxa8+ Bxa8 19. c3 Bxf3 20. gxf3
Qf4 21. Rfd1 Qxf3 22. Bf1 Qf4 23. Rd3 Be5 24. Bg2 Qxh2+ 25. Kf1 Qf4 26. Rad1
Kg7 27. a3 h5 28. Rf3 Qc4+ 29. Kg1 Qe2 30. Rd7 Bf6 31. Re3 Qxb2 32. Rxe6 Qxc3
33. Rxb6 Qxa3 34. Rbb7 Qc1+ 35. Bf1 Qg5+ 36. Bg2 Qc1+ 37. Bf1 Qg5+ 38. Bg2
1/2-1/2

[Event "XXXI C.to Italiano femminile"]
[Site "Bratto - Castione della Presolana ITA"]
[Date "2004.08.20"]
[Round "1"]
[White "Pica, Livia"]
[Black "Di Cerbo, Giulia"]
[Result "0-1"]
[WhiteElo "1520"]
[BlackElo "1670"]
[PlyCount "58"]
[EventDate "2004.08.20"]

1. e4 e6 2. d4 d5 3. Nc3 Nf6 4. Bd3 Nc6 5. Nf3 Nb4 6. O-O Nxd3 7. Qxd3 a6 8. e5
Nd7 9. Re1 c5 10. Be3 Be7 11. Rad1 Qb6 12. b3 Qa5 13. Bg5 cxd4 14. Qxd4 Bb4 15.
Rd3 Nc5 16. Rde3 h6 17. Bf4 Ne4 18. Nxe4 dxe4 19. Qxe4 Bxe1 20. Rxe1 Qc7 21.
Rd1 Bd7 22. c4 Rd8 23. Rd6 Ke7 24. Be3 Bc6 25. Qh4+ Ke8 26. c5 Rd7 27. Nd4 Qa5
28. Nf3 Qxa2 29. Qg4 Qb1+ 0-1

[Event "XXXI C.to Italiano femminile"]
[Site "Bratto - Castione della Presolana ITA"]
[Date "2004.08.20"]
[Round "1"]
[White "Pili, Erika"]
[Black "Tomba, Patrizia"]
[Result "1-0"]
[WhiteElo "1853"]
[BlackElo "1637"]
[PlyCount "59"]
[EventDate "2004.08.20"]

1. e4 e5 2. f4 d6 3. Nf3 Nc6 4. Bc4 Qe7 5. Nc3 Nf6 6. d3 Bd7 7. O-O O-O-O 8. f5
h6 9. a4 g6 10. fxg6 fxg6 11. Nh4 Qg7 12. Nd5 Nxd5 13. Bxd5 Be8 14. Be3 Kb8 15.
Qd2 Be7 16. Nf3 g5 17. b4 Nd4 18. b5 Bh5 19. Qa5 g4 20. Nxd4 exd4 21. Bf2 Bg5
22. Be6 Be3 23. b6 cxb6 24. Qxh5 Qc7 25. Bb3 Qc3 26. Bxe3 dxe3 27. Qxg4 Rhf8
28. Rae1 Qd4 29. Qe2 Rxf1+ 30. Qxf1 1-0

[Event "XXXI C.to Italiano femminile"]
[Site "Bratto - Castione della Presolana ITA"]
[Date "2004.08.20"]
[Round "1"]
[White "Rigo, Caterina"]
[Black "Ambrosi, Eleonora"]
[Result "0-1"]
[WhiteElo "1649"]
[BlackElo "2118"]
[PlyCount "64"]
[EventDate "2004.08.20"]

1. e4 c5 2. Nf3 Nc6 3. d4 cxd4 4. Nxd4 Qc7 5. Nc3 e6 6. Be3 a6 7. Be2 Nf6 8.
O-O Bb4 9. Nxc6 bxc6 10. Qd4 c5 11. Qc4 Bb7 12. f3 O-O 13. a3 d5 14. exd5 Nxd5
15. Nxd5 Bxd5 16. Qh4 Ba5 17. Bd3 f5 18. c4 Bb7 19. Bf4 e5 20. Be3 Rae8 21. g4
e4 22. fxe4 Bxe4 23. Bxe4 Rxe4 24. Qf2 Rxg4+ 25. Kh1 Qc6+ 26. Qf3 Qxf3+ 27.
Rxf3 Re4 28. Rg1 g6 29. Rd1 Rd8 30. Rg1 Rd3 31. Rgg3 Bc7 32. Rh3 Rg4 0-1

[Event "XXXI C.to Italiano femminile"]
[Site "Bratto - Castione della Presolana ITA"]
[Date "2004.08.20"]
[Round "1"]
[White "Sautto, Alessandra"]
[Black "Chierici, Marianna"]
[Result "1-0"]
[WhiteElo "1978"]
[BlackElo "1646"]
[PlyCount "71"]
[EventDate "2004.08.20"]

1. d4 d5 2. Nf3 Nf6 3. Bf4 Bf5 4. e3 e6 5. c3 Nbd7 6. Bd3 Bxd3 7. Qxd3 c5 8.
Nbd2 Be7 9. h3 O-O 10. O-O h6 11. Rfe1 a6 12. Rad1 b5 13. Ne5 Nxe5 14. dxe5 Nd7
15. e4 c4 16. Qg3 Kh8 17. exd5 exd5 18. Nf3 Nc5 19. Nd4 Bh4 20. Qg4 Be7 21. Nf5
Rg8 22. Qh5 Bf8 23. Nxh6 gxh6 24. Bxh6 Rg7 25. Bxg7+ Kxg7 26. Re3 Kg8 27. Rd4
Ne6 28. Rh4 Bg7 29. Rg3 f6 30. Qh7+ Kf8 31. exf6 Qxf6 32. Rf3 Qxf3 33. gxf3 Rd8
34. Qf5+ Ke7 35. Rh7 Rd6 36. Qe5 1-0

[Event "XXXI C.to Italiano femminile"]
[Site "Bratto - Castione della Presolana ITA"]
[Date "2004.08.20"]
[Round "1"]
[White "Tiozzo Netti, Valeria"]
[Black "Panella, Fiammetta"]
[Result "0-1"]
[WhiteElo "1643"]
[BlackElo "1954"]
[PlyCount "40"]
[EventDate "2004.08.20"]

1. e4 c5 2. Nc3 e6 3. g3 g6 4. Bg2 Bg7 5. d3 Nc6 6. Be3 d6 7. Qd2 Nd4 8. Nce2
Nxe2 9. Nxe2 Bxb2 10. Rb1 Bg7 11. O-O Ne7 12. Bh6 O-O 13. h4 b6 14. Kh2 Bb7 15.
Rh1 d5 16. f3 f5 17. Bxg7 Kxg7 18. e5 d4 19. h5 Nd5 20. hxg6 hxg6 0-1

[Event "XXXI C.to Italiano femminile"]
[Site "Bratto - Castione della Presolana ITA"]
[Date "2004.08.20"]
[Round "1"]
[White "Tonel, Giulia"]
[Black "Rombaldoni, Sharon"]
[Result "1-0"]
[WhiteElo "1670"]
[BlackElo "1440"]
[PlyCount "67"]
[EventDate "2004.08.20"]

1. e4 e5 2. Nf3 Nc6 3. Bc4 d6 4. c3 h6 5. d3 Nf6 6. Nbd2 Be7 7. O-O O-O 8. Re1
d5 9. Bb3 dxe4 10. dxe4 Bc5 11. Nc4 Qxd1 12. Bxd1 Re8 13. Bc2 Bg4 14. Nfd2 Be6
15. b4 Bxc4 16. Nxc4 Bd6 17. f3 b5 18. Ne3 a5 19. bxa5 Rxa5 20. Nf5 Ba3 21. Bd2
b4 22. Rab1 bxc3 23. Bxc3 Rc5 24. Rb3 Rxc3 25. Rxc3 Nb4 26. Rxc7 Nxa2 27. Bb3
Bb4 28. Ra1 Nc3 29. Bxf7+ Kh8 30. Bxe8 Nxe8 31. Ra8 Ne2+ 32. Kf2 Kh7 33. Rxe8
Nd4 34. Rxg7# 1-0

[Event "XXXI C.to Italiano femminile"]
[Site "Bratto - Castione della Presolana ITA"]
[Date "2004.08.20"]
[Round "1"]
[White "Varagnolo, Silvia"]
[Black "Santurbano, Maria Vincenza"]
[Result "0-1"]
[WhiteElo "1610"]
[BlackElo "1822"]
[PlyCount "54"]
[EventDate "2004.08.20"]

1. e4 e5 2. Nf3 d6 3. Nc3 Nf6 4. d3 Be7 5. Be2 c6 6. O-O O-O 7. b3 Qc7 8. Bb2
Nbd7 9. d4 h6 10. Re1 Rd8 11. a4 Nf8 12. Bc4 Ng6 13. Qd2 Bg4 14. Be2 Nf4 15.
Rad1 Nh7 16. Qe3 Rac8 17. dxe5 dxe5 18. Rxd8+ Rxd8 19. g3 Nxe2+ 20. Nxe2 Bf6
21. Nc3 Ng5 22. Nxg5 Bxg5 23. Qc5 b6 24. Qc4 Bf3 25. Nd5 Qd7 26. Nb4 Bd2 27.
Rf1 Qh3 0-1

[Event "XXXI C.to Italiano femminile"]
[Site "Bratto - Castione della Presolana ITA"]
[Date "2004.08.21"]
[Round "2"]
[White "Ambrosi, Eleonora"]
[Black "Brunello, Roberta"]
[Result "1-0"]
[WhiteElo "2118"]
[BlackElo "1790"]
[PlyCount "93"]
[EventDate "2004.08.20"]

1. d4 d5 2. Nc3 Nf6 3. Bg5 Bf5 4. Bxf6 gxf6 5. e3 c6 6. Nf3 Nd7 7. Nh4 Bg6 8.
f4 f5 9. Bd3 e6 10. Nf3 c5 11. Bb5 Bh5 12. O-O Qc7 13. Ne2 O-O-O 14. c4 Nf6 15.
b4 dxc4 16. Bxc4 Kb8 17. bxc5 Bxc5 18. Qb3 Bb6 19. Rac1 Qe7 20. Ng3 Bxf3 21.
Rxf3 Ng4 22. Nf1 Qh4 23. Qb2 h5 24. a4 Rhg8 25. Rb1 Rd7 26. Bb5 Rc7 27. Rh3 Qe7
28. Rxh5 Nf6 29. Rh3 Nd5 30. Nd2 Qf6 31. Nb3 a5 32. Rc1 Rxc1+ 33. Qxc1 Rc8 34.
Bc4 Qe7 35. Qf1 Nc3 36. Bb5 Qb4 37. Nc1 Nxa4 38. Bxa4 Qxa4 39. Nd3 Qa3 40. Qb1
Ba7 41. Rh7 Qd6 42. Rxf7 Qd5 43. Ne5 a4 44. Qb4 Qb3 45. Rxb7+ Ka8 46. Qxb3 axb3
47. Rxb3 1-0

[Event "XXXI C.to Italiano femminile"]
[Site "Bratto - Castione della Presolana ITA"]
[Date "2004.08.21"]
[Round "2"]
[White "Banki, Brigitta"]
[Black "Messina, Roberta"]
[Result "1-0"]
[WhiteElo "1789"]
[BlackElo "1673"]
[PlyCount "56"]
[EventDate "2004.08.20"]

1. e4 c5 2. Nf3 d6 3. c3 Nc6 4. d4 cxd4 5. cxd4 Bg4 6. d5 Ne5 7. Bb5+ Bd7 8.
Bxd7+ Nxd7 9. O-O Ngf6 10. Qa4 a6 11. Re1 b5 12. Qd4 Qc7 13. Bg5 Qc5 14. Nbd2
h6 15. Bxf6 Nxf6 16. Rac1 Qxd4 17. Nxd4 Kd7 18. Rc6 g6 19. Rec1 Ne8 20. f4 Bg7
21. N2f3 g5 22. e5 g4 23. Nh4 dxe5 24. fxe5 Bxe5 25. Nhf5 Nf6 26. Nb3 Nxd5 27.
Rxh6 Rxh6 28. Nxh6 Nf6 1-0

[Event "XXXI C.to Italiano femminile"]
[Site "Bratto - Castione della Presolana ITA"]
[Date "2004.08.21"]
[Round "2"]
[White "Brunello, Marina"]
[Black "Borsato, Chiara"]
[Result "1-0"]
[WhiteElo "1571"]
[BlackElo "1658"]
[PlyCount "73"]
[EventDate "2004.08.20"]

1. e4 g6 2. d4 Bg7 3. Be3 d6 4. Nc3 Nf6 5. f3 O-O 6. g4 Nbd7 7. Qd2 Re8 8. h4
e5 9. O-O-O exd4 10. Bxd4 Ne5 11. Be2 a5 12. h5 Be6 13. hxg6 fxg6 14. Be3 Bc4
15. g5 Nfd7 16. Bxc4+ Nxc4 17. Qd5+ Kh8 18. Qxc4 Ne5 19. Qe2 Rf8 20. f4 Nf7 21.
Qh2 h5 22. gxh6 Nxh6 23. f5 g5 24. Nf3 Kg8 25. Nxg5 Qf6 26. Ne6 Rf7 27. Nxg7
Rxg7 28. Qxh6 Qxh6 29. Bxh6 Rh7 30. Nd5 Kf7 31. Nxc7 Rah8 32. Nd5 Rxh6 33. Rxh6
Rxh6 34. Nc3 Ke7 35. b3 Rh3 36. Kb2 Re3 37. Nd5+ 1-0

[Event "XXXI C.to Italiano femminile"]
[Site "Bratto - Castione della Presolana ITA"]
[Date "2004.08.21"]
[Round "2"]
[White "Castellano, Fulvia"]
[Black "De Rosa, Mariagrazia"]
[Result "1/2-1/2"]
[WhiteElo "1772"]
[BlackElo "2124"]
[PlyCount "47"]
[EventDate "2004.08.20"]

1. e4 c5 2. Nf3 d6 3. d4 cxd4 4. Nxd4 Nf6 5. Nc3 a6 6. Be2 e6 7. O-O Be7 8. a4
Qc7 9. Kh1 b6 10. f4 Bb7 11. Bf3 Nc6 12. Be3 O-O 13. Qe1 Nb4 14. Rc1 Rfe8 15.
Qg3 Nd7 16. f5 e5 17. f6 Bxf6 18. Nf5 g6 19. Be2 Kh8 20. Nh6 Rf8 21. Bg4 Kg7
22. Nf5+ Kh8 23. Nh6 Kg7 24. Nf5+ 1/2-1/2

[Event "XXXI C.to Italiano femminile"]
[Site "Bratto - Castione della Presolana ITA"]
[Date "2004.08.21"]
[Round "2"]
[White "Chierici, Marianna"]
[Black "Costariol, Elena"]
[Result "1-0"]
[WhiteElo "1646"]
[BlackElo "1554"]
[PlyCount "257"]
[EventDate "2004.08.20"]

1. e4 c5 2. c3 Nf6 3. e5 Nd5 4. d4 cxd4 5. Qxd4 e6 6. Nf3 Nc6 7. Qa4 a6 8. Nbd2
b6 9. Bd3 Bb7 10. O-O Qc7 11. Re1 b5 12. Qd1 Bc5 13. Ne4 Be7 14. Ng3 d6 15. Qe2
dxe5 16. Nxe5 Nxe5 17. Qxe5 Qxe5 18. Rxe5 Bf6 19. Re1 Nxc3 20. bxc3 Bxc3 21.
Bf4 Bxa1 22. Rxa1 O-O 23. Rb1 Bd5 24. a3 Rfc8 25. Bc1 Rc6 26. Bb2 f6 27. h4 Kf7
28. h5 Rac8 29. Nf1 f5 30. Ne3 Rd8 31. Be2 Be4 32. Rd1 Rxd1+ 33. Bxd1 Rd6 34.
Be5 Rd8 35. Kf1 g5 36. hxg6+ hxg6 37. f3 Bb7 38. Ke2 g5 39. Bb3 Rc8 40. Nxf5
Rc5 41. Nd6+ Ke7 42. Nxb7 Rxe5+ 43. Kd2 Kf6 44. Nd6 Ke7 45. Ne4 g4 46. Kd3 gxf3
47. gxf3 Rh5 48. Ke3 a5 49. Nc3 b4 50. axb4 axb4 51. Ne2 Rh8 52. Nd4 Kd6 53.
Kd3 e5 54. Nf5+ Kc5 55. Ng3 Rc8 56. Ne4+ Kc6 57. Kc4 Rf8 58. Ba4+ Kc7 59. Bd1
Rb8 60. Nc5 Kc6 61. Ba4+ Kd6 62. Bb5 Rf8 63. Ne4+ Ke6 64. Kxb4 Rf4 65. Kc5 Rf5
66. Be2 Ke7 67. Kc4 Rf4 68. Kd3 Ke6 69. Ke3 Kd5 70. Bd3 Ke6 71. Bc4+ Kf5 72.
Bd5 Kg6 73. Nc3 Rd4 74. Be4+ Kf6 75. Nd5+ Ke6 76. Nf4+ Kf6 77. Nd3 Ke6 78. Nxe5
Ra4 79. Kf4 Ra5 80. Ng4 Ra7 81. Kg5 Rg7+ 82. Bg6 Ra7 83. f4 Ra5+ 84. f5+ Ke7
85. Kh6 Ra6 86. Kg7 Rb6 87. f6+ Rxf6 88. Nxf6 Kd6 89. Ng4 Kd5 90. Kf6 Kd4 91.
Nf2 Kc3 92. Ke5 Kb2 93. Kd4 Ka1 94. Kc3 Ka2 95. Bd3 Ka3 96. Bb1 Ka4 97. Kc4 Ka3
98. Nd3 Ka4 99. Nb4 Ka3 100. Nd3 Ka4 101. Nc1 Ka3 102. Kc3 Ka4 103. Kd4 Kb4
104. Bd3 Ka4 105. Bc4 Ka3 106. Nd3 Ka4 107. Kc5 Ka3 108. Bd5 Ka4 109. Kc4 Ka3
110. Kc3 Ka4 111. Bc4 Ka3 112. Nb4 Ka4 113. Bd3 Ka3 114. Bc4 Ka4 115. Nc2 Ka5
116. Kd4 Ka4 117. Kc5 Ka5 118. Bb3 Ka6 119. Bd5 Ka5 120. Bc6 Ka6 121. Na3 Ka5
122. Nc4+ Ka6 123. Kd6 Ka7 124. Kc7 Ka6 125. Bd7 Ka7 126. Bb5 Ka8 127. Nb6+ Ka7
128. Nc8+ Ka8 129. Bc6# 1-0